000 00774nam a2200229 a 4500
999 _c1523
_d1523
001 1523
003 BD-JhCC
005 20190728134017.0
008 171021s19992000bg |||| ||a| 000 0 bg d
020 _a9844101356
035 _a(BD-JhCC)1523
040 _aBD-JhCC
_dBD-JhCC
041 _aben
082 _a891.443
_bILE 2000
100 _aইলিয়াস, আক্তারুজ্জামান
245 _aআক্তারুজ্জামান ইলিয়াস রচনাসমগ্র /
_cআক্তারুজ্জামান ইলিয়াস,
260 _aঢাকা :
_bমাওলা ব্রাদার্স,
_c2006
300 _a701 p. :
_c24 cm.
650 _aBengali Novel
942 _2ddc
_cBK
_02